000
nam a22 7a 4500
999
_c
329288
_d
329288
003
Nust
005
20170502135728.0
008
170502b xxu||||| |||| 00| 0 eng d
040
_c
DLC
082
_a
307.76 ADB
245
_a
Philippines: Mindanao Basic Urban Services Sector Project
942
_2
ddc
_c
BK